000 00660nam a2200277Ia 4500
005 20260324133534.0
008 008 260324s9999 xx 000 0 eng d
020 _a9780203010990
037 _aEBOOK
040 _aCRL
040 _beng
040 _cCRL
041 _2eng
041 _aeng
084 _qCRL
100 _aStephen C. Behrendt; Kim Wheatley
_91193478
245 0 _aRomantic Periodicals and Print Culture
260 _bTaylor and Francis
260 _c2003
365 _a
365 _b230
856 _uhttp://www.taylorfrancis.com/books/9780203010990
942 _cEBOOK
999 _c1792605
_d1792605